| 000 | 01181nam a22002897a 4500 | ||
|---|---|---|---|
| 999 |
_c13249 _d13249 |
||
| 003 | AR-CdUCM | ||
| 008 | 190411b ||||| |||| 00| 0 spa d | ||
| 040 |
_aMUNICIPALIDAD PROVINCIAL DEL CUSCO _cBIBLIOTECA MUNICIPAL DEL CUSCO |
||
| 041 | _hger | ||
| 082 |
_22ed. _a330.12 / _bW35 |
||
| 100 |
_aWeber, Max _95618 |
||
| 245 |
_aEconomía y sociedad : _besbozo de sociología comprensiva / |
||
| 260 |
_aMéxico : _bFondo de Cultura Económica, _c1964. |
||
| 300 |
_atomos. _c23 cm. |
||
| 440 |
_aSección de Obras de Sociología, Economía y sociedad. _n2 _931552 |
||
| 500 | _at.2: Esbozo de sociología comprensiva. | ||
| 505 | _aContenido:t.1: Teorías de las categorías sociales, Conceptos sociológicos fundamentales -- , t.2: Las comunidades políticas -- Sociología de la dominación. | ||
| 650 |
_aEconomía social _921569 |
||
| 650 |
_aSociología _9276 |
||
| 650 |
_aSociedad _953 |
||
| 700 |
_aWickelmann, Johannes (edición) _931553 |
||
| 700 |
_aMedina Echavarría, José (nota preliminar) _931554 |
||
| 700 |
_aMedina Echavarría, José _91695 |
||
| 700 |
_aRoura Parella, Juan ... (traductores) _931555 |
||
| 942 |
_2ddc _cLIBROS |
||
| 945 |
_aachl _d2019-04-11 |
||